Lord of the Flies (Record no. 156773)

MARC details
000 -LEADER
fixed length control field 00740nam a22002297a 4500
005 - DATE AND TIME OF LATEST TRANSACTION
control field 20180929152620.0
006 - FIXED-LENGTH DATA ELEMENTS--ADDITIONAL MATERIAL CHARACTERISTICS--GENERAL INFORMATION
fixed length control field a|||||f|||| 00| 0
007 - PHYSICAL DESCRIPTION FIXED FIELD--GENERAL INFORMATION
fixed length control field tc
008 - FIXED-LENGTH DATA ELEMENTS--GENERAL INFORMATION
fixed length control field 180720b xxu||||| |||| 00| 0 eng d
010 ## - LCCN (DPL NO)
LC control number BR-002365-BR-002374
020 ## - INTERNATIONAL STANDARD BOOK NUMBER
Terms of availability 529.00(per set)
035 ## - SYSTEM CONTROL NUMBER
System control number BR-002365
037 ## - SOURCE OF ACQUISITION
Source of stock number/acquisition A.I.C.B.
082 ## - DEWEY DECIMAL CLASSIFICATION NUMBER
Classification number N
100 ## - MAIN ENTRY--PERSONAL NAME
Personal name Golding's, William
245 ## - TITLE STATEMENT
Title Lord of the Flies
Statement of responsibility, etc by William Golding's
260 ## - PUBLICATION, DISTRIBUTION, ETC. (IMPRINT)
Place of publication, distribution, etc Delhi
Name of publisher, distributor, etc A.C.I.B.
Date of publication, distribution, etc N.D.
270 ## - ADDRESS
Address Sector-5, Rohini,
City New Delhi
Postal code 110085
300 ## - PHYSICAL DESCRIPTION
Extent 5V.,various pages.
Dimensions 30cm(HB).
942 ## - ADDED ENTRY ELEMENTS (KOHA)
Source of classification or shelving scheme Dewey Decimal Classification
Item type Braille-Books-English
Classification part N
Call number suffix GOL
Holdings
Withdrawn status Lost status Materials specified (bound volume or other part) Not for loan Collection code Home library Current library Date acquired Source of acquisition Cost, normal purchase price Full call number Barcode Copy number Koha item type
    V.- 1   Fiction Braille-Library Braille-Library 21/05/2016 4425/21-05-2016 529.00 N GOL BR-002365 1 Braille-Books-English
    V.- 2   Fiction Braille-Library Braille-Library 21/05/2016 4425/21-05-2016 529.00 N GOL BR-002366 1 Braille-Books-English
    V.- 3   Fiction Braille-Library Braille-Library 21/05/2016 4425/21-05-2016 529.00 N GOL BR-002367 1 Braille-Books-English
    V.- 4   Fiction Braille-Library Braille-Library 21/05/2016 4425/21-05-2016 529.00 N GOL BR-002368 1 Braille-Books-English
    V.- 5   Fiction Braille-Library Braille-Library 21/05/2016 4425/21-05-2016 529.00 N GOL BR-002369 1 Braille-Books-English
    V.- 1   Fiction Braille-Library Braille-Library 21/05/2016 4425/21-05-2016 529.00 N GOL BR-002370 1 Braille-Books-English
    V.- 2   Fiction Braille-Library Braille-Library 21/05/2016 4425/21-05-2016 529.00 N GOL BR-002371 1 Braille-Books-English
    V.- 3   Fiction Braille-Library Braille-Library 21/05/2016 4425/21-05-2016 529.00 N GOL BR-002372 1 Braille-Books-English
    V.- 4   Fiction Braille-Library Braille-Library 21/05/2016 4425/21-05-2016 529.00 N GOL BR-002373 1 Braille-Books-English
    V.- 5   Fiction Braille-Library Braille-Library 21/05/2016 4425/21-05-2016 529.00 N GOL BR-002374 1 Braille-Books-English

© Delhi Public Library
Hit Counter
free hit counter